| 000 | 00346nam a2200145Ia 4500 | ||
|---|---|---|---|
| 008 | 230917s9999||||xx |||||||||||||| ||und|| | ||
| 040 |
_e153934 _aMAIN |
||
| 041 | _aEnglish | ||
| 082 | _a294.12 S77R | ||
| 100 | _aSurendra Kumar | ||
| 245 | 0 | _aRigveda Main vividhoean | |
| 260 |
_aNew Delhi _bSanjay _c2000 |
||
| 300 | _a219p. p. | ||
| 942 | _cBK | ||
| 999 |
_c105891 _d105891 |
||